| 000 | 01088nam a2200229Ia 4500 | ||
|---|---|---|---|
| 003 | Ost | ||
| 005 | 20260507074848.0 | ||
| 008 | 260507s9999||||xx |||||||||||||| ||und|| | ||
| 020 | _a9957322710 | ||
| 040 | _cfsecg | ||
| 041 | _aara | ||
| 082 | _a658.57 | ||
| 100 |
_aسعيد، سهيلة عبد الله _eمؤلف |
||
| 245 | 0 |
_aالجديد في الأساليب الكمية وبحوث العمليات / _c سهيلة عبد الله سعيد |
|
| 260 |
_aعمان: _bدار الحامد للنشر والتوزيع, _c2007 |
||
| 300 |
_a379 صفحة؛ _bإيضاحات ؛ _c25 سم |
||
| 504 | _aبيبليوغرافيا: ص.379 | ||
| 520 | _aيتناول الأساليب الكمية ومقدمة في البرمجة الخطية، البرمجة الثنائية وتحليل الحساسية، نماذج النقل وتحليل الشبكات، نظرية المبارات، البرمجة بالأعداد الصحيحة ونظرية صفوف الانتظار. | ||
| 653 | _aالطرق الإحصائية | ||
| 653 | _aبحوث العمليات | ||
| 942 | _cكتاب | ||
| 999 |
_c41548 _d41548 |
||